000 00977nam a2200289 i 4500
001 000031062
003 DO-SdBNP
005 20231221104557.0
007 ta
008 110613s1999 dr 000 0 spa d
040 _aDO-SdBNP
_bspa
_cBNPHU
_erda
082 4 _a291.38
_bA772p 1999
_222
110 2 _aArquidiócesis de Santo Domingo (República Dominicana)
_937018
_bComisión Arquidiocesana de Liturgia
245 0 0 _aPara conocer y vivir más la liturgia :
_bcurso de iniciación, primera etapa.
250 _a2ª ed.
264 _aSanto Domingo :
_bEdiciones MSC,
_c1999.
300 _a79 páginas
_c22 cm.
336 _2rdacontent
_atexto
_btxt
337 _2rdamedia
_asin mediación
_bn
338 _2rdacarrier
_avolumen
_bnc
590 _aInventariado, 2018/VM
650 4 _aLiturgía
_xMetodología
_946633
650 4 _aEjercicios espirituales
_98168
650 4 _aTeología pastoral
_93734
910 _aValidado. Control de calidad EMS
942 _2ddc
_cLBS1
999 _c30554
_d30554